| 000 | 00671nam a22002057a 4500 | ||
|---|---|---|---|
| 999 |
_c10358 _d10358 |
||
| 003 | AR-CdUCM | ||
| 008 | 190401b ||||| |||| 00| 0 spa d | ||
| 040 |
_aMUNICIPALIDAD PROVINCIAL DEL CUSCO _cBIBLIOTECA MUNICIPAL DEL CUSCO |
||
| 082 |
_aES / 800 / _bC12 |
||
| 245 | _aEl Caballero Cifar / | ||
| 260 |
_aMadrid : _bAguilar ; _c1962. |
||
| 300 |
_a86 páginas ; _bIlustraciones _c23cm |
||
| 440 |
_aColección El Globo de Colores _nIniciación Literaria _927140 |
||
| 505 | _aContenido: Novela | ||
| 650 |
_aNovela _95 |
||
| 650 |
_aLiteratura infantil _9588 |
||
| 700 |
_aBuendia, Felicidad (adaptación del texto) _927156 |
||
| 942 |
_2ddc _cLIBROS |
||
| 945 | _anom | ||